[Event "Sparkassen-Open A"]
[Site "Heusenstamm, Martinsee"]
[Date "2019.11.23"]
[Round "5.90"]
[White "Steinke, Hans-Jörg"]
[Black "Modric, Vladimir"]
[Result "1/2-1/2"]
[WhiteElo "1753"]
[BlackElo "1930"]
[PlyCount "93"]
[EventDate "2019.??.??"]
[WhiteTeam "SV Datteln"]
[BlackTeam "SC Nied"]

1. d4 d6 2. c4 Nf6 3. Nc3 g6 4. e4 Bg7 5. Nf3 O-O 6. Be2 e5 7. O-O Nc6 8. d5
Ne7 9. Ne1 Nd7 10. Be3 f5 11. f3 f4 12. Bf2 g5 13. Nd3 h5 14. c5 Nf6 15. Rc1
Ng6 16. cxd6 cxd6 17. Nb5 Rf7 18. Nxa7 g4 19. Nxc8 Rxc8 20. Rxc8 Qxc8 21. Re1
Bf8 22. Qd2 h4 23. Rc1 Qd7 24. Bb6 gxf3 25. gxf3 Ne7 26. Nf2 Rg7+ 27. Kh1 Qe8
28. Rg1 Rxg1+ 29. Kxg1 Nd7 30. Ba5 Nf6 31. Qc1 Qa8 32. Qd2 Qa7 33. a3 Ng6 34.
Kg2 Be7 35. Bb4 Qb6 36. Qc1 Kf7 37. Qc8 Nf8 38. Qc1 Ng6 39. Nh3 Nh5 40. Qc8 Ng7
41. Qc1 Nh5 42. Qg1 Qc7 43. Bc3 Bd8 44. Kf1 Qe7 45. Nf2 Bb6 46. Qg4 Nf6 47. Qg2
1/2-1/2

[Event "Sparkassen-Open A"]
[Site "Heusenstamm, Martinsee"]
[Date "2019.11.23"]
[Round "5.91"]
[White "Stork, Christopher"]
[Black "Yue, Qizhou"]
[Result "1-0"]
[WhiteElo "1912"]
[BlackElo "1792"]
[PlyCount "75"]
[EventDate "2019.??.??"]
[WhiteTeam "SV Oberursel"]
[BlackTeam "SV Multatuli Ingelheim e.V."]

1. e4 c5 2. Nf3 e6 3. d4 cxd4 4. Nxd4 Nc6 5. Nc3 Qc7 6. Be3 a6 7. Qd2 Nf6 8. f3
Bb4 9. a3 Ba5 10. Nb3 Bb6 11. O-O-O Bxe3 12. Qxe3 O-O 13. g4 b5 14. h4 Bb7 15.
h5 Rfd8 16. g5 Ne8 17. f4 b4 18. axb4 Nxb4 19. Rh2 d5 20. e5 Rac8 21. g6 fxg6
22. hxg6 h6 23. Qh3 Qe7 24. Nd4 Nc7 25. Kb1 Nc6 26. Nce2 Re8 27. Nxc6 Bxc6 28.
Nd4 Bd7 29. Bd3 Nb5 30. Nxb5 axb5 31. Rc1 Rf8 32. Qg2 Qb4 33. f5 Ra8 34. f6
gxf6 35. g7 Rf7 36. Bh7+ Kxh7 37. Rxh6+ Kxh6 38. Rh1+ 1-0

[Event "Sparkassen-Open A"]
[Site "Heusenstamm, Martinsee"]
[Date "2019.11.23"]
[Round "5.92"]
[White "Bäumer, Frank"]
[Black "Mueller, Thorsten"]
[Result "1/2-1/2"]
[WhiteElo "1865"]
[BlackElo "2053"]
[PlyCount "69"]
[EventDate "2019.??.??"]
[WhiteTeam "Gambit Gusenburg"]
[BlackTeam "VSG Offenbach"]

1. e4 e6 2. Nf3 d5 3. Nc3 d4 4. Ne2 Nf6 5. e5 Nfd7 6. Nexd4 Nxe5 7. Nxe5 Qxd4
8. Nf3 Qd5 9. d4 Nd7 10. Be3 b6 11. Be2 Bb7 12. O-O Be7 13. Ne1 Qf5 14. Bf3 Be4
15. Bxe4 Qxe4 16. Qf3 Nf6 17. Qxe4 Nxe4 18. Nd3 Bf6 19. Rad1 O-O-O 20. Ne5 Nd6
21. Bf4 Kb7 22. Nf3 Nf5 23. c3 Rd7 24. g4 Nh4 25. Nxh4 Bxh4 26. Kg2 Be7 27. Rd2
h5 28. h3 Bd6 29. Bxd6 Rxd6 30. f4 Rhd8 31. Re2 Rh8 32. f5 hxg4 33. hxg4 exf5
34. Rxf5 Rd7 35. Rfe5 1/2-1/2

[Event "Sparkassen-Open A"]
[Site "Heusenstamm, Martinsee"]
[Date "2019.11.23"]
[Round "5.93"]
[White "Kirchmann, Sascha"]
[Black "Mohr, Thomas"]
[Result "0-1"]
[WhiteElo "1708"]
[BlackElo "1904"]
[PlyCount "58"]
[EventDate "2019.??.??"]
[WhiteTeam "SC Obertshausen"]
[BlackTeam "SC FK Babenhausen"]

1. e4 c5 2. Nf3 Nc6 3. c3 d5 4. exd5 Qxd5 5. d4 cxd4 6. cxd4 Bg4 7. Be2 e6 8.
h3 Bh5 9. Nc3 Qd8 10. Be3 Bb4 11. O-O Nge7 12. Qb3 O-O 13. Rfd1 Nd5 14. a3 Na5
15. Qc2 Bg6 16. Bd3 Nxe3 17. fxe3 Bxc3 18. bxc3 Rc8 19. Bxg6 hxg6 20. Ne5 Nc4
21. Nxc4 Rxc4 22. Qb3 Qc7 23. Rac1 Rc8 24. Rd3 Qc6 25. Kf2 b5 26. Rc2 a5 27.
Rc1 b4 28. axb4 axb4 29. Rc2 Qe4 0-1

[Event "Sparkassen-Open A"]
[Site "Heusenstamm, Martinsee"]
[Date "2019.11.23"]
[Round "5.94"]
[White "Cors, Heinz-Friedrich"]
[Black "Schreidl, Michael"]
[Result "1-0"]
[WhiteElo "1893"]
[BlackElo "1643"]
[PlyCount "149"]
[EventDate "2019.??.??"]
[WhiteTeam "Schachforum Darmstadt"]
[BlackTeam "SK Frankenthal"]

1. c4 e6 2. Nc3 Nf6 3. g3 Be7 4. Bg2 d5 5. b3 O-O 6. d4 c6 7. Nf3 Nbd7 8. O-O
Ne4 9. Bb2 Ndf6 10. Nd2 Nxc3 11. Bxc3 b6 12. Qc2 Bb7 13. e4 dxe4 14. Nxe4 Nxe4
15. Bxe4 h6 16. Rad1 Bf6 17. Qe2 Qc7 18. Qf3 Rac8 19. Rd3 Rfd8 20. Rfd1 Ba8 21.
h4 Rd7 22. b4 Bb7 23. a4 Rcd8 24. b5 cxb5 25. Bxb7 Qxb7 26. Qxb7 Rxb7 27. axb5
Rc7 28. c5 bxc5 29. Ba5 Rdc8 30. Bxc7 c4 31. Rc3 Rxc7 32. Rdc1 Bxd4 33. Rxc4
Rd7 34. Rc8+ Kh7 35. Kg2 Bb6 36. Rf8 Kg6 37. Rc3 Rd5 38. Rf3 f5 39. Rg8 Rxb5
40. h5+ Kf7 41. Rb8 Rb4 42. Ra3 Rd4 43. Ra2 Rd7 44. Re2 Kf6 45. Rf8+ Ke7 46.
Rxf5 Rd6 47. g4 Rd4 48. f3 Rd1 49. Rfe5 Rd6 50. R5e4 Kf6 51. f4 Bd4 52. Rd2 e5
53. Kf3 Rc6 54. fxe5+ Bxe5 55. Rd5 Re6 56. Ra5 Bb8 57. Rxe6+ Kxe6 58. Rf5 Be5
59. Ke4 Bc3 60. Rc5 Bb2 61. Ra5 Kf6 62. Rxa7 Kg5 63. Kf3 Bd4 64. Ra5+ Kf6 65.
Kf4 Bg1 66. Ra6+ Kf7 67. Kf5 Bd4 68. Rd6 Bb2 69. Rd7+ Kg8 70. Kg6 Bf6 71. Rc7
Kf8 72. Rf7+ Kg8 73. Rxf6 gxf6 74. Kxf6 Kh7 75. Kf7 1-0

[Event "Sparkassen-Open A"]
[Site "Heusenstamm, Martinsee"]
[Date "2019.11.23"]
[Round "5.95"]
[White "Bobrowski, Damian"]
[Black "Lotz, Ralf"]
[Result "0-1"]
[WhiteElo "1617"]
[BlackElo "1882"]
[PlyCount "51"]
[EventDate "2019.??.??"]
[WhiteTeam "vereinslos"]
[BlackTeam "SC Obertshausen"]

1. d4 e6 2. Bf4 Nf6 3. e3 b6 4. Qf3 c6 5. g4 d5 6. Nd2 Ba6 7. Bg2 c5 8. g5 Nfd7
9. Qg3 cxd4 10. exd4 Nc6 11. c3 Rc8 12. Ngf3 Be7 13. h4 b5 14. h5 b4 15. g6
hxg6 16. hxg6 Rxh1+ 17. Bxh1 bxc3 18. gxf7+ Kxf7 19. bxc3 Qa5 20. Ng5+ Bxg5 21.
Bxg5 Nf6 22. Bf3 Rh8 23. Nb3 Qxc3+ 24. Bd2 Qd3 25. Qc7+ Ne7 26. Be3 0-1

[Event "Sparkassen-Open A"]
[Site "Heusenstamm, Martinsee"]
[Date "2019.11.23"]
[Round "5.96"]
[White "Gentner, Markus"]
[Black "Baumgarten, Fred"]
[Result "1-0"]
[WhiteElo "1979"]
[BlackElo "1668"]
[PlyCount "41"]
[EventDate "2019.??.??"]
[WhiteTeam "SC Murrhardt"]
[BlackTeam "SV Hennef"]

1. Nf3 Nf6 2. c4 g6 3. Nc3 Bg7 4. e4 d6 5. d4 O-O 6. h3 e5 7. d5 h6 8. Be3 Kh7
9. Be2 Nbd7 10. Qc2 a5 11. g4 b6 12. Nd2 Rh8 13. O-O-O Nc5 14. g5 Nh5 15. Bxh5
gxh5 16. Rdg1 Rg8 17. Nf3 Qf8 18. Nb5 Na6 19. Qd2 Bd7 20. gxh6 Bxh6 21. Bxh6
1-0

[Event "Sparkassen-Open A"]
[Site "Heusenstamm, Martinsee"]
[Date "2019.11.23"]
[Round "5.97"]
[White "Ermitsch, Magnus"]
[Black "Schmitt, Clemens"]
[Result "1-0"]
[WhiteElo "1881"]
[BlackElo "1796"]
[PlyCount "77"]
[EventDate "2019.??.??"]
[WhiteTeam "Borussia Lichtenberg"]
[BlackTeam "SV Bergwinkel"]

1. e4 c5 2. Nf3 d6 3. d4 cxd4 4. Qxd4 Nc6 5. Bb5 Bd7 6. Bxc6 Bxc6 7. Nc3 Nf6 8.
Bg5 e6 9. O-O-O Be7 10. Qd3 Qa5 11. h4 Rc8 12. Nd4 O-O 13. f4 Rfe8 14. f5 Bd7
15. g4 Rxc3 16. bxc3 Rc8 17. Nb3 Qxa2 18. Kd2 Bb5 19. Ra1 Qxa1 20. Rxa1 Bxd3
21. cxd3 a6 22. Na5 Rc7 23. Rb1 b5 24. Rg1 h6 25. Bf4 Nd7 26. g5 hxg5 27. hxg5
exf5 28. exf5 Nb6 29. f6 Bf8 30. g6 fxg6 31. Rxg6 Kh7 32. Bxd6 Bxd6 33. fxg7
Bf4+ 34. Ke2 Rxg7 35. Rxb6 Ra7 36. Nc6 Bc7 37. Rxb5 Ra8 38. Rb7 Rc8 39. Na7 1-0

[Event "Sparkassen-Open A"]
[Site "Heusenstamm, Martinsee"]
[Date "2019.11.23"]
[Round "5.98"]
[White "Zimmer, Gerald"]
[Black "Hoppstädter, Daniel"]
[Result "1-0"]
[WhiteElo "1958"]
[BlackElo "1757"]
[PlyCount "61"]
[EventDate "2019.??.??"]
[WhiteTeam "SC Bergen-Enkheim"]
[BlackTeam "SC Illingen"]

1. d4 Nf6 2. Nf3 g6 3. Bf4 Bg7 4. h3 d5 5. e3 O-O 6. Bd3 c5 7. c3 Nc6 8. Nbd2
Re8 9. Ne5 Nxe5 10. Bxe5 cxd4 11. cxd4 Bd7 12. O-O Qb6 13. Qb3 Qxb3 14. Nxb3
Bc6 15. Na5 Nd7 16. Bxg7 Kxg7 17. Rfc1 Rac8 18. Rc3 Nb8 19. Rac1 a6 20. b4 Rcd8
21. Rb1 Rd6 22. b5 axb5 23. Bxb5 Bxb5 24. Rxb5 Ra6 25. Nxb7 e6 26. Rc7 Rc6 27.
Rc5 Rxc7 28. Rxc7 Na6 29. Rd7 Rc8 30. Nd6 Rc7 31. Ne8+ 1-0

[Event "Sparkassen-Open A"]
[Site "Heusenstamm, Martinsee"]
[Date "2019.11.23"]
[Round "5.99"]
[White "Krychevskiy, Dmytro"]
[Black "Karl, Florian"]
[Result "0-1"]
[WhiteElo "1947"]
[BlackElo "1739"]
[PlyCount "154"]
[EventDate "2019.??.??"]
[WhiteTeam "SV Oberursel"]
[BlackTeam "SK Langen"]

1. e4 c5 2. Nf3 Nc6 3. d4 cxd4 4. Nxd4 g6 5. Nc3 Bg7 6. Be3 Nf6 7. f3 O-O 8.
Bc4 Na5 9. Bb3 Nxb3 10. Nxb3 d6 11. Qd2 a6 12. O-O-O b5 13. Kb1 Bd7 14. g4 b4
15. Ne2 a5 16. h4 a4 17. Nbc1 b3 18. cxb3 axb3 19. Nxb3 Be6 20. Nec1 Bxb3 21.
Nxb3 Qc8 22. h5 Qa6 23. Nc1 Rfc8 24. b3 Rc7 25. Rh2 Rac8 26. hxg6 fxg6 27. Qd3
Qa3 28. Qd2 Nd7 29. Qd5+ Kf8 30. Nd3 Nf6 31. Qb5 Kg8 32. Bc1 Qa7 33. Bb2 Qe3
34. Rf1 Kh8 35. Nc1 Nd7 36. Qe2 Qf4 37. Nd3 Qf7 38. Rfh1 Bxb2 39. Qxb2+ Kg8 40.
Rf1 Rc3 41. Qe2 Ne5 42. Nxe5 dxe5 43. Rhh1 Rxb3+ 44. Ka1 Ra8 45. Qh2 Rba3 46.
Rf2 Kf8 47. Rc1 Kg8 48. Rh1 Kf8 49. Rc1 Kg8 50. Rcc2 Rxf3 51. Rxf3 Qxf3 52.
Qxe5 Qd1+ 53. Kb2 Rxa2+ 54. Kxa2 Qxc2+ 55. Ka3 Qc1+ 56. Ka2 Qc4+ 57. Ka3 Qa6+
58. Kb3 Qf6 59. Qb8+ Kg7 60. Qb7 Kf7 61. Kc2 Qf2+ 62. Kd3 Qf3+ 63. Kd4 Qxg4 64.
Qb1 h5 65. Qf1+ Kg7 66. Qb5 Qg1+ 67. Kd5 Qd1+ 68. Kc6 Qc2+ 69. Kd5 Qd2+ 70. Kc6
Qc3+ 71. Kd5 h4 72. e5 h3 73. Ke6 h2 74. Qf1 Qb3+ 75. Kxe7 Qb7+ 76. Ke6 h1=Q
77. Qf6+ Kh7 0-1

[Event "Sparkassen-Open A"]
[Site "Heusenstamm, Martinsee"]
[Date "2019.11.23"]
[Round "5.100"]
[White "Viol, Julius"]
[Black "Stumpf, Daniel"]
[Result "1-0"]
[WhiteElo "1782"]
[BlackElo "1947"]
[PlyCount "127"]
[EventDate "2019.??.??"]
[WhiteTeam "FC Bierstadt"]
[BlackTeam "SW Lichtenrade"]

1. d4 e6 2. c4 c5 3. d5 exd5 4. cxd5 d6 5. Nc3 Nf6 6. Nf3 Be7 7. e4 O-O 8. Bd3
Na6 9. O-O Re8 10. Nd2 Bd7 11. f4 Bf8 12. Re1 Nc7 13. Nf3 g6 14. Bb1 b5 15. e5
b4 16. Ne4 dxe5 17. Nxf6+ Qxf6 18. fxe5 Qb6 19. Be3 Bg7 20. Bf2 Rad8 21. d6 Bg4
22. Qb3 Nb5 23. Ng5 Be6 24. Nxe6 Rxe6 25. Qd5 Nxd6 26. Qxc5 Qxc5 27. Bxc5 Bxe5
28. Bc2 Rde8 29. Rxe5 Rxe5 30. Bxd6 Re2 31. Bb3 Kg7 32. Bxb4 Rb8 33. Bc3+ f6
34. Rd1 Re7 35. Rd6 Rf8 36. Kf2 g5 37. Ra6 Rd7 38. Ba4 Rb7 39. Rc6 Rff7 40. Bb3
Rf8 41. Kf3 h5 42. Rc5 Kh6 43. Rf5 Rb6 44. Bd4 Rb4 45. Bc5 g4+ 46. Kf2 Rxb3 47.
axb3 Rf7 48. Rd5 h4 49. Rd8 f5 50. Ra8 Rd7 51. Be3+ Kg6 52. Rxa7 Rd6 53. b4 g3+
54. hxg3 hxg3+ 55. Kxg3 Rd3 56. Kf4 Rb3 57. Ra6+ Kf7 58. Bc5 Rxb2 59. Kxf5 Rxg2
60. Ra7+ Ke8 61. Ke6 Rg6+ 62. Kd5 Kd8 63. b5 Kc8 64. b6 1-0

[Event "Sparkassen-Open A"]
[Site "Heusenstamm, Martinsee"]
[Date "2019.11.23"]
[Round "5.101"]
[White "Loriguillo, Gregorio"]
[Black "Müller, Maximilian"]
[Result "1/2-1/2"]
[WhiteElo "1870"]
[BlackElo "1698"]
[PlyCount "74"]
[EventDate "2019.??.??"]
[WhiteTeam "SF Vonkeln"]
[BlackTeam "SC Eppelborn"]

1. e4 e6 2. d4 d5 3. exd5 exd5 4. Nf3 Bd6 5. Bd3 Nc6 6. Qe2+ Nge7 7. O-O Nb4 8.
Bb5+ Bd7 9. Bxd7+ Qxd7 10. c3 Nbc6 11. Bg5 f6 12. Bh4 O-O-O 13. Re1 Nf5 14. Qe6
Qxe6 15. Rxe6 Rhe8 16. Rxe8 Rxe8 17. Bg3 Nxg3 18. hxg3 Ne7 19. Nbd2 Ng6 20. Kf1
Kd7 21. Re1 Rxe1+ 22. Kxe1 Ke6 23. Ke2 b5 24. Kd3 Ne7 25. g4 g5 26. g3 Ng8 27.
Nf1 c6 28. Ne3 Nh6 29. Nd2 Kd7 30. Nb3 Kc7 31. Nd2 Kd7 32. Nb3 Kc7 33. Nd2 a6
34. b4 Kd7 35. Nb3 Kc7 36. Ke2 Kb6 37. Kf3 Bf8 1/2-1/2

[Event "Sparkassen-Open A"]
[Site "Heusenstamm, Martinsee"]
[Date "2019.11.23"]
[Round "5.102"]
[White "Atasoy, Tarik"]
[Black "Engel, Jan"]
[Result "1/2-1/2"]
[WhiteElo "1805"]
[BlackElo "1919"]
[PlyCount "38"]
[EventDate "2019.??.??"]
[WhiteTeam "SV Letmathe"]
[BlackTeam "Frankfurter TV"]

1. e4 c6 2. Nc3 d5 3. Nf3 dxe4 4. Nxe4 Nf6 5. Nxf6+ exf6 6. d4 Bg4 7. Be2 Bd6
8. Be3 O-O 9. O-O Re8 10. Qd2 Nd7 11. Rfe1 Qc7 12. h3 Bh5 13. c4 f5 14. c5 f4
15. cxd6 fxe3 16. fxe3 Qxd6 17. Nh2 Bg6 18. Bf3 Nf6 19. Rad1 Ne4 1/2-1/2

[Event "Sparkassen-Open A"]
[Site "Heusenstamm, Martinsee"]
[Date "2019.11.23"]
[Round "5.103"]
[White "Midanka, Vladimir Josef"]
[Black "Winter, Lars"]
[Result "1-0"]
[WhiteElo "1775"]
[BlackElo "1917"]
[PlyCount "85"]
[EventDate "2019.??.??"]
[WhiteTeam "SC Brett vorm Kopp"]
[BlackTeam "SV Fechenheim"]

1. Nf3 Nf6 2. d4 d5 3. h3 e6 4. Bf4 Bd6 5. Ne5 c5 6. e3 Qc7 7. Bb5+ Bd7 8. Nxd7
Nbxd7 9. Bxd6 Qxd6 10. O-O O-O 11. Bxd7 Nxd7 12. c3 e5 13. dxe5 Nxe5 14. Nd2 c4
15. Nf3 Nd3 16. Qc2 f5 17. Ne1 Ne5 18. Rd1 Rad8 19. Qe2 f4 20. e4 f3 21. gxf3
Qg6+ 22. Kh2 Qd6 23. Kg2 Ng6 24. Kg1 Nf4 25. Qe3 Qg6+ 26. Kh2 Qh5 27. Rh1 Qxh3+
28. Kg1 Qe6 29. Rh4 Ng6 30. Rg4 dxe4 31. Rxd8 Rxd8 32. Rxe4 Qf7 33. Qxa7 b5 34.
Qb6 Qd5 35. Kf1 Rc8 36. a3 Rc6 37. Qb8+ Nf8 38. Re5 Qd7 39. Qxb5 Qh3+ 40. Ke2
Rc8 41. Re4 Qd7 42. Qa6 Qd5 43. Qxc8 1-0

[Event "Sparkassen-Open A"]
[Site "Heusenstamm, Martinsee"]
[Date "2019.11.23"]
[Round "5.104"]
[White "Riemann, Jonas"]
[Black "Müller, Maurice-Pascal"]
[Result "1-0"]
[WhiteElo "1882"]
[BlackElo "1683"]
[PlyCount "89"]
[EventDate "2019.??.??"]
[WhiteTeam "SK Bickenbach"]
[BlackTeam "SC Landskrone"]

1. e4 c5 2. d3 Nc6 3. g3 g6 4. Bg2 Bg7 5. f4 e6 6. Nf3 Nge7 7. O-O d5 8. e5 Rb8
9. Nbd2 Nf5 10. Re1 Qb6 11. Nf1 c4+ 12. Kh1 cxd3 13. Qxd3 h5 14. Ne3 Nce7 15.
Qb3 Qd8 16. c3 b6 17. Nd4 Bd7 18. Bf1 Nxd4 19. cxd4 Nc6 20. Rd1 Na5 21. Qd3 Nc6
22. Bd2 Bf8 23. Nc2 a5 24. a3 b5 25. b4 a4 26. Ne1 Ne7 27. Qf3 Nf5 28. Be3 Be7
29. Nd3 Rc8 30. Rac1 Rxc1 31. Rxc1 g5 32. Nc5 g4 33. Qf2 h4 34. Kg1 hxg3 35.
hxg3 Bh4 36. gxh4 g3 37. Qf3 g2 38. Bxg2 Nxh4 39. Qg3 Nf5 40. Qf2 Rg8 41. Kf1
Rg3 42. Bf3 Qh4 43. Ke2 Nxd4+ 44. Bxd4 Qxf4 45. Nd3 1-0

[Event "Sparkassen-Open A"]
[Site "Heusenstamm, Martinsee"]
[Date "2019.11.23"]
[Round "5.105"]
[White "Markosyan, Aleksandr"]
[Black "Rempe, Jonas"]
[Result "0-1"]
[WhiteElo "1759"]
[BlackElo "1854"]
[PlyCount "86"]
[EventDate "2019.??.??"]
[WhiteTeam "SG Idstein"]
[BlackTeam "SK Doppelbauer Kiel"]

1. e4 e5 2. Nf3 Nc6 3. d4 exd4 4. Nxd4 Bc5 5. Nb3 Bb6 6. Nc3 Nf6 7. Qe2 O-O 8.
Bg5 h6 9. Bh4 g5 10. Bg3 Nd4 11. Qd2 Nxb3 12. axb3 Re8 13. f3 d5 14. O-O-O c6
15. exd5 Be3 16. dxc6 Bxd2+ 17. Rxd2 Qa5 18. Bb5 Re3 19. Rhd1 Rxc3 20. Rd8+ Kg7
21. cxb7 Bxb7 22. Rxa8 Bxa8 23. bxc3 Qxb5 24. Rd8 Bc6 25. c4 Qb6 26. Rd6 Ne8
27. Rd1 a5 28. Be5+ f6 29. Bc3 a4 30. b4 Qe3+ 31. Kb2 a3+ 32. Kb3 Ba4+ 33. Kxa4
Qxc3 34. Rd7+ Kg6 35. Rd3 Qxc2+ 36. Rb3 a2 37. c5 a1=R+ 38. Kb5 Qxb3 39. c6 Rd1
40. c7 Qxb4+ 41. Kc6 Rc1+ 42. Kd7 Rxc7+ 43. Kxe8 Qe7# 0-1

[Event "Sparkassen-Open A"]
[Site "Heusenstamm, Martinsee"]
[Date "2019.11.23"]
[Round "5.106"]
[White "Westhof, Benedikt"]
[Black "Launert, Martin"]
[Result "1-0"]
[WhiteElo "1753"]
[BlackElo "1853"]
[PlyCount "85"]
[EventDate "2019.??.??"]
[WhiteTeam "SC Heusenstamm"]
[BlackTeam "Sfr. Erbach"]

1. d4 d5 2. c4 e6 3. Nc3 Nf6 4. Bg5 Nbd7 5. e3 Be7 6. Nf3 O-O 7. Qc2 h6 8. Bh4
a6 9. cxd5 exd5 10. Bd3 c6 11. O-O Re8 12. Rfe1 Nf8 13. a3 Be6 14. Na4 Nh5 15.
Bxe7 Qxe7 16. Nc5 Rab8 17. b4 Nf6 18. Reb1 N6d7 19. Rb2 Bg4 20. Nd2 Qg5 21. Nf1
Bh5 22. Ng3 Nxc5 23. bxc5 Bg6 24. Nf5 Bxf5 25. Bxf5 g6 26. Bd3 f5 27. Rab1 f4
28. exf4 Qxf4 29. Qc3 Re7 30. Bxa6 Rf7 31. Qe3 Qxe3 32. fxe3 Re8 33. Bxb7 Rc7
34. Rb3 Nd7 35. a4 Nf6 36. a5 Ne4 37. R1b2 Rf8 38. a6 Rcf7 39. h3 Rf1+ 40. Kh2
Ra1 41. Rb1 Rxb1 42. Rxb1 Nd2 43. Ra1 1-0

[Event "Sparkassen-Open A"]
[Site "Heusenstamm, Martinsee"]
[Date "2019.11.23"]
[Round "5.107"]
[White "Perez Valero, Rodrigo Gael"]
[Black "Faber, Lutz"]
[Result "1-0"]
[WhiteElo "1551"]
[BlackElo "1839"]
[PlyCount "85"]
[EventDate "2019.??.??"]
[WhiteTeam "VSG Offenbach"]
[BlackTeam "Zwickauer SC"]

1. e4 g6 2. Nf3 Bg7 3. Bc4 h6 4. d3 d6 5. h3 c6 6. Nc3 a5 7. a4 Nd7 8. Be3 e5
9. d4 Ne7 10. O-O O-O 11. Qd2 Kh7 12. dxe5 dxe5 13. Rad1 Qe8 14. g4 f5 15. exf5
gxf5 16. Be6 Nf6 17. Bxc8 Nxc8 18. gxf5 Qh5 19. Nxe5 Qxh3 20. Bf4 Qxf5 21. Qd3
Ne7 22. Bg3 Nh5 23. Qxf5+ Rxf5 24. Nd3 Bd4 25. Kg2 Rg8 26. Rfe1 Ng6 27. Kh2 Bb6
28. Rd2 Rgf8 29. Rde2 Nxg3 30. fxg3 Bc7 31. Kg2 Rf3 32. Re3 R3f5 33. R3e2 R8f7
34. Re3 b5 35. Re6 b4 36. Ne4 c5 37. Nexc5 Rg5 38. Ne4 Rg4 39. Nf6+ Rxf6 40.
Rxf6 Rxg3+ 41. Kf2 Kg7 42. Rc6 Bb8 43. Re8 1-0

[Event "Sparkassen-Open A"]
[Site "Heusenstamm, Martinsee"]
[Date "2019.11.23"]
[Round "5.108"]
[White "Renger, Jürgen"]
[Black "Schmitt, Carsten"]
[Result "0-1"]
[WhiteElo "1682"]
[BlackElo "1901"]
[PlyCount "124"]
[EventDate "2019.??.??"]
[WhiteTeam "Sges Bensheim"]
[BlackTeam "SV Bergwinkel"]

1. d4 Nf6 2. c4 e6 3. g3 Bb4+ 4. Bd2 Qe7 5. Bg2 Bxd2+ 6. Qxd2 Nc6 7. Nc3 O-O 8.
e4 d6 9. Nge2 e5 10. d5 Nb8 11. O-O a5 12. Nc1 Nfd7 13. Nd3 Na6 14. f4 exf4 15.
Nxf4 Ne5 16. b3 Bd7 17. Nd3 Bg4 18. Nxe5 Qxe5 19. Nb5 b6 20. Qf4 Qxf4 21. Rxf4
Bd7 22. Nd4 Rae8 23. Nf5 Nc5 24. Rd1 Bxf5 25. exf5 f6 26. Kf1 Re3 27. Rf3 Rfe8
28. Rxe3 Rxe3 29. Kf2 Rc3 30. Rd2 Rc1 31. Bf3 Kf7 32. Re2 Ra1 33. Ke3 Na6 34.
Kd4 Nb4 35. Kc3 Rxa2 36. Rxa2 Nxa2+ 37. Kb2 Nb4 38. Ka3 Nc2+ 39. Ka4 Ke7 40.
Be4 Ne3 41. h3 Nf1 42. g4 Ng3 43. Bf3 Nf1 44. Ka3 g6 45. fxg6 hxg6 46. Kb2 Nd2
47. Bg2 a4 48. bxa4 Nxc4+ 49. Kc3 Ne5 50. Be4 g5 51. Kd4 Nd7 52. Kc3 Nc5 53.
Bc2 Kd8 54. Kb4 Kc8 55. a5 Kb7 56. axb6 cxb6 57. Kc4 Ka6 58. Kb4 b5 59. Bf5 Kb6
60. Bc2 Na6+ 61. Kc3 Kc5 62. Bd3 Nc7 0-1

[Event "Sparkassen-Open A"]
[Site "Heusenstamm, Martinsee"]
[Date "2019.11.23"]
[Round "5.109"]
[White "Neuhoff, Laertes"]
[Black "Schellen, Sven"]
[Result "1/2-1/2"]
[WhiteElo "1461"]
[BlackElo "1835"]
[PlyCount "54"]
[EventDate "2019.??.??"]
[WhiteTeam "SG Leipzig"]
[BlackTeam "SV Frankfurt Nord"]

1. d4 d5 2. Nf3 c5 3. c4 dxc4 4. e3 Be6 5. Nc3 cxd4 6. Nxd4 Bd5 7. Nxd5 Qxd5 8.
Qa4+ Nc6 9. Nxc6 bxc6 10. Qxc4 Qxc4 11. Bxc4 e6 12. O-O Nf6 13. Rd1 Rd8 14.
Rxd8+ Kxd8 15. Bd2 Bc5 16. Rd1 Ke7 17. b4 Bb6 18. Bc3 Rd8 19. Rxd8 Bxd8 20.
Bxf6+ Kxf6 21. Kf1 Ke5 22. Ke2 Be7 23. a3 g5 24. g3 g4 25. Kd2 h5 26. Ke2 Ke4
27. Bb3 Ke5 1/2-1/2

[Event "Sparkassen-Open A"]
[Site "Heusenstamm, Martinsee"]
[Date "2019.11.23"]
[Round "5.110"]
[White "Kemper, Yannick"]
[Black "Masoudi, Kian"]
[Result "1-0"]
[WhiteElo "1808"]
[BlackElo "1606"]
[PlyCount "51"]
[EventDate "2019.??.??"]
[WhiteTeam "SK Ludwigshafen"]
[BlackTeam "SF Frankfurt"]

1. e4 e5 2. Nf3 Nc6 3. d4 exd4 4. Nxd4 Qf6 5. Nxc6 Qxc6 6. Bd3 Nf6 7. O-O Be7
8. e5 Nd5 9. Be4 Ne3 10. Qd3 d5 11. exd6 Qxd6 12. Qxd6 Bxd6 13. Bxe3 O-O 14.
Nc3 f5 15. Bd5+ Kh8 16. Rfe1 f4 17. Bd4 c6 18. Be6 c5 19. Nb5 Bxe6 20. Rxe6
cxd4 21. Nxd6 b6 22. Rd1 f3 23. Rxd4 fxg2 24. Kxg2 Rf6 25. Rde4 Rxe6 26. Rxe6
1-0

[Event "Sparkassen-Open A"]
[Site "Heusenstamm, Martinsee"]
[Date "2019.11.23"]
[Round "5.111"]
[White "Körbel, Ekkehard"]
[Black "Cramer, Lydia"]
[Result "1-0"]
[WhiteElo "1827"]
[BlackElo "1529"]
[PlyCount "76"]
[EventDate "2019.??.??"]
[WhiteTeam "SK Geisenheim"]
[BlackTeam "ZSG Waltershausen"]

1. e4 e5 2. Nf3 Nc6 3. Bc4 Bc5 4. c3 Nf6 5. d3 a6 6. Bb3 d6 7. h3 Be6 8. Bc2 d5
9. Qe2 d4 10. Nbd2 Qe7 11. Nb3 Bxb3 12. axb3 h6 13. O-O O-O-O 14. b4 Ba7 15.
Ba4 Qd6 16. Bxc6 Qxc6 17. Nxe5 Qe6 18. Nf3 dxc3 19. bxc3 g5 20. Be3 Bb8 21. Nd4
Qd7 22. Nf5 Rdg8 23. Bc5 Nd5 24. Qf3 b6 25. exd5 bxc5 26. bxc5 h5 27. c6 Qd8
28. Qe4 Qf6 29. Rfe1 g4 30. Ne7+ Kd8 31. Nxg8 Rxg8 32. hxg4 hxg4 33. Qe5 Qh4
34. Qf5 Qe7 35. Rxe7 Kxe7 36. Re1+ Kf8 37. Qc8+ Kg7 38. Qxg4+ Kh8 1-0

[Event "Sparkassen-Open A"]
[Site "Heusenstamm, Martinsee"]
[Date "2019.11.23"]
[Round "5.112"]
[White "Hegel, Christoph"]
[Black "Marzec, Witold"]
[Result "1/2-1/2"]
[WhiteElo "1928"]
[BlackElo "1711"]
[PlyCount "42"]
[EventDate "2019.??.??"]
[WhiteTeam "Vorw.Orient Mainz"]
[BlackTeam "vereinslos"]

1. d4 Nf6 2. Nf3 e6 3. e3 d5 4. Bd3 c6 5. O-O Nbd7 6. b3 g6 7. Bb2 b6 8. Nbd2
Bg7 9. Ne5 Nxe5 10. dxe5 Nd7 11. f4 O-O 12. Qf3 Bb7 13. Rad1 Rb8 14. c4 f6 15.
exf6 Bxf6 16. Bxf6 Nxf6 17. e4 dxe4 18. Nxe4 c5 19. Nxf6+ Qxf6 20. Be4 Bxe4 21.
Qxe4 Rbd8 1/2-1/2

[Event "Sparkassen-Open A"]
[Site "Heusenstamm, Martinsee"]
[Date "2019.11.23"]
[Round "5.113"]
[White "Schwegler, Jelena"]
[Black "Marchese, Gaspare"]
[Result "1-0"]
[WhiteElo "1513"]
[BlackElo "1851"]
[PlyCount "127"]
[EventDate "2019.??.??"]
[WhiteTeam "SK Bad Homburg"]
[BlackTeam "SC Matt im Park"]

1. e4 e6 2. d4 d5 3. Nc3 Nf6 4. e5 Nfd7 5. f4 c5 6. Nf3 Nc6 7. Be2 a6 8. a4 b6
9. O-O cxd4 10. Na2 Bc5 11. Kh1 O-O 12. Rb1 f6 13. b4 Be7 14. Nxd4 Nxd4 15.
Qxd4 fxe5 16. fxe5 Rxf1+ 17. Bxf1 Qc7 18. Qg4 Nxe5 19. Qh5 Ng6 20. Bd3 Qe5 21.
Qxe5 Nxe5 22. Be2 Bd7 23. a5 b5 24. Bf4 Bf6 25. Nc1 Rc8 26. Bd1 Rc4 27. Bd2 Ng4
28. Nd3 Ne5 29. Nc5 Bc8 30. g3 d4 31. Rc1 Be7 32. Be2 Rxc5 33. bxc5 Bxc5 34.
Kg2 Bb7+ 35. Kh3 Kf7 36. Re1 Nd7 37. Bg4 Bd5 38. Rf1+ Nf6 39. Bf3 Bxf3 40. Rxf3
Ke7 41. Bf4 Ne4 42. Kg2 Bb4 43. Bc7 Nd2 44. Rd3 Bc3 45. Be5 Bxa5 46. Bxg7 Nc4
47. Bxd4 e5 48. Bc5+ Ke6 49. g4 Bc7 50. Rh3 e4 51. Rxh7 Be5 52. g5 Kd5 53. Bf2
e3 54. Be1 Ke6 55. g6 Kf6 56. Ra7 Kxg6 57. Rxa6+ Kf5 58. h3 Bd4 59. Ra8 Ke4 60.
Re8+ Ne5 61. Rb8 Nf3 62. Re8+ Be5 63. Bg3 e2 64. Bxe5 $138 1-0